National Assembly Library of Thailand

รัฐธรรมนูญ 2540 จาก "ศักดิ์ศรีความเป็นมนุษย์" สู่ "ธัมมิกสิทธิมนุษยชน" / (ระเบียนเลขที่ 18546)

รายละเอียดในรูปแบบ MARC
000 -LEADER
fixed length control field 00963nam a22002297a 4500
003 - CONTROL NUMBER IDENTIFIER
control field NALT
005 - DATE AND TIME OF LATEST TRANSACTION
control field 20251216095601.0
008 - FIXED-LENGTH DATA ELEMENTS--GENERAL INFORMATION
fixed length control field s2544 th tha d
020 ## - INTERNATIONAL STANDARD BOOK NUMBER
International Standard Book Number 9742030251
040 ## - CATALOGING SOURCE
Original cataloging agency NALT
041 ## - LANGUAGE CODE
Language code of text/sound track or separate title tha
090 ## - LOCALLY ASSIGNED LC-TYPE CALL NUMBER (OCLC); LOCAL CALL NUMBER (RLIN)
Classification number (OCLC) (R) ; Classification number, CALL (RLIN) (NR) KD 51/2540
Local cutter number (OCLC) ; Book number/undivided call number, CALL (RLIN) จ154ร 2544
100 0# - MAIN ENTRY--PERSONAL NAME
Personal name จรัญ โฆษณานันท์
9 (RLIN) 15969
245 10 - TITLE STATEMENT
Title รัฐธรรมนูญ 2540 จาก "ศักดิ์ศรีความเป็นมนุษย์" สู่ "ธัมมิกสิทธิมนุษยชน" /
Statement of responsibility, etc. จรัญ โฆษณานันท์.
260 ## - PUBLICATION, DISTRIBUTION, ETC.
Place of publication, distribution, etc. กรุงเทพฯ :
Name of publisher, distributor, etc. นิติธรรม,
Date of publication, distribution, etc. 2544
300 ## - PHYSICAL DESCRIPTION
Extent 160 หน้า ;
Other physical details
Dimensions 21 ซม.
650 ## - SUBJECT ADDED ENTRY--TOPICAL TERM
Topical term or geographic name entry element รัฐธรรมนูญ
Geographic subdivision ไทย
9 (RLIN) 2027
650 #4 - SUBJECT ADDED ENTRY--TOPICAL TERM
Topical term or geographic name entry element รัฐธรรมนูญ
Geographic subdivision ไทย
Chronological subdivision 2540
9 (RLIN) 4693
650 #4 - SUBJECT ADDED ENTRY--TOPICAL TERM
Topical term or geographic name entry element สิทธิมนุษยชน
Geographic subdivision ไทย
9 (RLIN) 12544
850 ## - HOLDING INSTITUTION
Holding institution NALT
942 ## - ADDED ENTRY ELEMENTS (KOHA)
Koha item type Law Book
Source of classification or shelving scheme Local Classification
998 ## - STAFF NAME (NALT)
-- 104
-- นางสาวสายฝน ดีงาม
รายการที่มีในห้องสมุด
Withdrawn status Lost status Source of classification or shelving scheme Damaged status Not for loan Collection code Home library Current library Shelving location Total Checkouts Full call number Barcode Date last seen Copy number Price effective from Koha item type
    Local Classification     Law Book collection National Assembly Library of Thailand National Assembly Library of Thailand Law Book shelves   KD 51/2540 จ157ร 2544 3961185279 09/06/2017 ฉ.3 09/06/2017 Law Book
    Local Classification     Law Book collection National Assembly Library of Thailand National Assembly Library of Thailand Law Book shelves   KD 51/2540 จ157ร 2544 3961185278 09/06/2017 ฉ.2 09/06/2017 Law Book
    Local Classification     Law Book collection National Assembly Library of Thailand National Assembly Library of Thailand Law Book shelves   KD 51/2540 จ157ร 2544 3961143189 09/06/2017 ฉ.1 09/06/2017 Law Book
หอสมุดรัฐสภา
สำนักงานเลขาธิการสภาผู้แทนราษฎร เลขที่ 1111 ถนนสามเสน แขวงถนนนครไชยศรี เขตดุสิต กรุงเทพฯ 10300
The Secretariat of the House of Representatives 1111 Samsen Road, Thanon Nakhon Chai Si, Dusit, Bangkok 10300, THAILAND
โทรศัพท์: +66(0) 2242 5900 ต่อ 5714-5 โทรสาร: +66(0) 2242 5990 อีเมล: [email protected]